LEADER 00974nam a2200229 u 4500 001 000000054631 003 CaOOAMICUS 005 20070226115708.0 008 001218n it u000 u ita u 035 $a10864096 040 $aPUL(R)$bita 100 1 $aRossetti, Livio.$0(OLS)http://pul/name/38663 245 13$aLa filosofia greca da Omero a Teofrato negli studi recenti /$cLivio Rossetti. 260 $aMilano :$bMarzorati,$c[s. d.] 300 $a189 p. ;$c24 cm 500 $aEstr. da: "Grande antologia filosofica", Aggiornamento bibliografico vol. XXXII. 650 4$aFilosofia antica.$0(OLS)http://pul/subject/205 850 $aPUL 852 $aPUL$W1$xDP1 Fondo Giannini$y60$m1557 E 8$j71936$nBK-PRI$b $qFondi$B71936$CPULBib$Z2$F71936 $H $81 941 1 $a1 996 $6245$aLa filosofia greca da Omero a Teofrato negli studi recenti$9(OLS)http://pul/title/73227 996 $6260$aMilano :$bMarzorati$9(OLS)http://pul/publisher/49236 LEADER 01126nam a2200265 u 4500 001 000000109880 003 CaOOAMICUS 005 20080219143335.0 008 080219q1933 it u000 u ita u 040 $aPUL$bita$dLDB 100 1 $aPacchioni, Giovanni,$d1867-1946.$0(OLS)http://pul/name/18620 245 11$a[Corso di diritto civile :$bdelle leggi in generale] /$cGiovanni Pacchioni. 246 30$aDelle leggi in generale 260 $aTorino :$bGiappichelli,$c[1933] 300 $ap. 368;$c25 cm. 500 $aTitolo dedotto da altre fonti. 504 $aBibliografia in nota. 650 4$aDiritto civile$xManuali.$0(OLS)http://pul/subject/20112 850 $aPUL 852 $aPUL$W1$xDP1 Cons. Gen., Altre Classi 1$y22$m829 D 15.bis$j125818$qStampati$B124546$CPULBib$Z2$F124546 $82 941 1 $a8 961 $aEsemplare mutilo, mancante di copertina e frontespizio 996 $6246$aDelle leggi in generale$9(OLS)http://pul/title/138169 996 $6245$a[Corso di diritto civile :$bdelle leggi in generale]$9(OLS)http://pul/title/138168 996 $6260$aTorino :$bGiappichelli$9(OLS)http://pul/publisher/48244